书目信息 |
| 题名: |
AutoCAD 2004直通车
|
|
| 作者: | 李伟 , 王祥仲 编著 | |
| 分册: | ||
| 出版信息: | 北京 清华大学出版社 2003.07 |
|
| 页数: | 11, 450页 | |
| 开本: | 26cm | |
| 丛书名: | ||
| 单 册: | ||
| 中图分类: | TP391.72 | |
| 科图分类: | ||
| 主题词: | 制图程序 | |
| 电子资源: | ||
| ISBN: | 7-302-06710-4 | |
| 000 | 00837nam0 2200241 45 | |
| 001 | 0100330784 | |
| 005 | 20050821163340.95 | |
| 010 | @a7-302-06710-4@dCNY42.00 | |
| 100 | @a20030811d2003 em y0chiy0110 ea | |
| 101 | 0 | @achi |
| 102 | @aCN@b110000 | |
| 105 | @aa z 000yy | |
| 200 | 1 | @aAutoCAD 2004直通车@AAutoCAD 2004 zhi tong che@f李伟, 王祥仲等编著@Fli wei,wang xiang zhong deng bian zhu |
| 210 | @a北京@c清华大学出版社@d2003.07 | |
| 215 | @a11, 450页@c图@d26cm | |
| 330 | @a本书主要介绍了AUtoCAD 2004的新功能和使用方法,包括二维绘图与编辑、文字标注和尺寸标注、块与属性的设置、图案填充技巧、Internet功能等内容。 | |
| 606 | 0 | @a制图程序 |
| 610 | 0 | @aAutoCAD |
| 690 | @aTP391.72@v4 | |
| 701 | 0 | @a李伟@Ali wei@4编著 |
| 701 | 0 | @a王祥仲@Awang xiang zhong@4编著 |
| 801 | 0 | @aCN@bQSSK@c20050821 |
| 905 | @a10447@dTP391.72@eL283 | |
| AutoCAD 2004直通车/李伟, 王祥仲等编著.-北京:清华大学出版社,2003.07 |
| 11, 450页:图;26cm |
| ISBN 7-302-06710-4:CNY42.00 |
| 本书主要介绍了AUtoCAD 2004的新功能和使用方法,包括二维绘图与编辑、文字标注和尺寸标注、块与属性的设置、图案填充技巧、Internet功能等内容。 |
| ● |
| 相关链接 |
|
|
|
正题名:AutoCAD 2004直通车
索取号:TP391.72/L283
 
预约/预借
| 序号 | 登录号 | 条形码 | 馆藏地/架位号 | 状态 | 备注 |
| 1 | 561531 | 205615315 | 期刊室512/301自科库 68排6列3层/ [索取号:TP391.72/L283] | 在馆 |